Χώρες με Τέσσερα Γράμματα - Statistics

General Stats
  • This quiz has been taken 36 times
  • The average score is 6 of 8
Answer Stats
Χώρα % Correct
Κίνα
92%
Μάλι
80%
Ιράκ
76%
Ιράν
76%
Αϊτή
68%
Ομάν
68%
Χιλή
68%
Λάος
64%
No matching quizzes found
Score Distribution
Percent of People with Each Score
Percentile by Number Answered
Your Score History
You have not taken this quiz